[Event "FRA-ch U26"]
[Site "Bastia"]
[Date "2024.04.06"]
[Round "5"]
[White "Courjal, Pauline"]
[Black "Arcelin, Gael"]
[Result "0-1"]
[WhiteElo "1982"]
[BlackElo "2126"]
[PlyCount "66"]
[EventDate "2024.04.06"]
[EventType "swiss"]
[EventRounds "9"]
[EventCountry "FRA"]
[SourceTitle "CB16_2024"]
[SourceDate "2024.04.17"]
[SourceVersion "1"]
[SourceVersionDate "2024.04.17"]
[SourceQuality "1"]

1. d4 Nf6 2. c4 g6 3. g3 Bg7 4. Bg2 c5 5. d5 0-0 6. Nc3 d6 7. Nf3 e6 8. 0-0 Re8 9. Bf4 e5 10. Bg5 h6 11. Bxf6 Qxf6 12. e4 Kh7 13. Nd2 Qe7 14. f4 exf4 15. Rxf4 Nd7 16. h3 Ne5 17. Qe2 Bd7 18. Kh2 a6 19. Rf2 b5 20. cxb5 axb5 21. Nxb5 Bxb5 22. Qxb5 Reb8 23. Qf1 Rxb2 24. a4 c4 25. Ra3 Qa7 26. Re2 Qc5 27. Rc3 Qa7 28. Ra3 Qc5 29. Rc3 Qd4 30. Nb1 Rxb1 31. Qxb1 Qxc3 32. Rc2 Qb3 33. Qc1 Rxa4 0-1

[Event "FRA-ch U26"]
[Site "Bastia"]
[Date "2024.04.06"]
[Round "3"]
[White "Rakotomaharo, Fy Antenaina"]
[Black "Arcelin, Gael"]
[Result "1-0"]
[WhiteElo "2448"]
[BlackElo "2126"]
[PlyCount "42"]
[EventDate "2024.04.06"]
[EventType "swiss"]
[EventRounds "9"]
[EventCountry "FRA"]
[SourceTitle "CB16_2024"]
[SourceDate "2024.04.17"]
[SourceVersion "1"]
[SourceVersionDate "2024.04.17"]
[SourceQuality "1"]

1. e4 c5 2. a4 Nf6 3. e5 Nd5 4. Nc3 Nxc3 5. dxc3 Nc6 6. Nf3 e6 7. Bf4 Qb6 8. b3 Qc7 9. Qd2 b6 10. h4 Bb7 11. h5 h6 12. 0-0-0 0-0-0 13. Rh3 Ne7 14. Kb2 g5 15. hxg6 Nxg6 16. Bd3 Bg7 17. Bxg6 fxg6 18. Bxh6 Bxf3 19. gxf3 Bxe5 20. Rdh1 Kb7 21. Qe3 Rhg8 1-0

[Event "Cappelle Online Blitz op"]
[Site "Europe Echecs INT"]
[Date "2022.01.09"]
[Round "9"]
[White "Benmesbah, Natacha"]
[Black "Arcelin, Gael"]
[Result "1-0"]
[WhiteElo "2221"]
[BlackElo "1934"]
[PlyCount "123"]
[EventDate "2022.01.09"]
[EventType "swiss (blitz)"]
[EventRounds "11"]
[EventCountry "FRA"]
[SourceTitle "EXT 2023"]
[Source "ChessBase"]
[SourceDate "2022.10.05"]
[SourceVersion "1"]
[SourceVersionDate "2022.10.05"]
[SourceQuality "1"]

1. e4 c5 2. Nf3 Nc6 3. Bb5 e5 4. Bxc6 dxc6 5. 0-0 Bd6 6. c3 Bg4 7. h3 Bh5 8. d3 Ne7 9. Be3 f6 10. Nbd2 0-0 11. Qb3+ Bf7 12. Qxb7 Rb8 13. Qa6 Rxb2 14. Nc4 Rb8 15. Rfd1 Nc8 16. Qxc6 Bc7 17. Qxc5 Re8 18. Nh4 Nb6 19. Nxb6 Bxb6 20. Qa3 Bxe3 21. fxe3 Qc7 22. Nf5 Be6 23. Qd6 Qf7 24. Ng3 Red8 25. Qa6 Rb6 26. Qa3 Rbd6 27. d4 Qg6 28. Kh2 a6 29. d5 h5 30. c4 h4 31. Nf5 Bxf5 32. exf5 Qxf5 33. Qd3 e4 34. Qd4 Qg5 35. Qxe4 Qg3+ 36. Kh1 f5 37. Qf3 Qg5 38. c5 Rg6 39. d6 Qf6 40. Rac1 Rg3 41. Qd5+ Kh7 42. c6 Rxe3 43. c7 Rxd6 44. c8Q Rxd5 45. Rxd5 g6 46. Rd7+ Kh6 47. Qc7 Re5 48. Rh7+ Kg5 49. Qc4 Re4 50. Qf7 Qe5 51. Rg1 Re1 52. Qa7 Rxg1+ 53. Qxg1 Qg3 54. Ra7 f4 55. Rxa6 f3 56. Ra5+ Kh6 57. Qe3+ g5 58. Qe6+ Kh5 59. Qf7+ Kh6 60. Qf6+ Kh7 61. Ra7+ Kg8 62. Qg7# 1-0

[Event "Cappelle Online Blitz op"]
[Site "Europe Echecs INT"]
[Date "2022.01.09"]
[Round "1"]
[White "Manouvel, Maelys"]
[Black "Arcelin, Gael"]
[Result "0-1"]
[WhiteElo "1086"]
[BlackElo "1934"]
[PlyCount "52"]
[EventDate "2022.01.09"]
[EventType "swiss (blitz)"]
[EventRounds "11"]
[EventCountry "FRA"]
[SourceTitle "EXT 2023"]
[Source "ChessBase"]
[SourceDate "2022.10.05"]
[SourceVersion "1"]
[SourceVersionDate "2022.10.05"]
[SourceQuality "1"]

1. e4 c5 2. Nf3 Nc6 3. d4 cxd4 4. Nxd4 Nf6 5. Nc3 e5 6. Ndb5 d6 7. Bg5 a6 8. Na3 b5 9. Bxf6 gxf6 10. Nd5 Bg7 11. c4 Nd4 12. cxb5 f5 13. Bd3 0-0 14. 0-0 Bb7 15. Rc1 Bxd5 16. exd5 e4 17. Be2 axb5 18. Bxb5 Rxa3 19. bxa3 Nxb5 20. Qa4 Nc3 21. Qb3 Ne2+ 22. Kh1 Nxc1 23. Rxc1 Be5 24. Qh3 Kh8 25. a4 Qg5 26. a5 Qxc1# 0-1

[Event "Cappelle Online Blitz op 1st"]
[Site "Europe Echecs INT"]
[Date "2021.01.10"]
[Round "4"]
[White "Arcelin, Gael"]
[Black "Droin, Augustin"]
[Result "0-1"]
[WhiteElo "1923"]
[BlackElo "2289"]
[PlyCount "58"]
[EventDate "2021.01.10"]
[EventType "swiss (blitz)"]
[EventRounds "11"]
[EventCountry "FRA"]
[SourceTitle "CBM 200 Extra"]
[Source "ChessBase"]
[SourceDate "2021.03.31"]
[SourceVersion "1"]
[SourceVersionDate "2021.03.31"]
[SourceQuality "1"]

1. d4 d5 2. c4 c6 3. Nc3 Nf6 4. cxd5 cxd5 5. Bf4 Nc6 6. e3 a6 7. Rc1 g6 8. Nf3 Bg7 9. Bd3 0-0 10. 0-0 Bg4 11. h3 Bxf3 12. Qxf3 e6 13. a3 Re8 14. Rfd1 Rc8 15. Bh2 b5 16. b4 Nd7 17. Rc2 Nb6 18. Rb1 Nc4 19. Ra2 e5 20. Qxd5 exd4 21. exd4 Bxd4 22. Bxc4 bxc4 23. Qxd8 Rcxd8 24. Rc2 Ne5 25. Ne2 Ba7 26. Rbc1 Nd3 27. Rd1 Nxf2 28. Rxd8 Rxd8 29. Rxc4 Rd1# 0-1

[Event "Cappelle Online Blitz op 1st"]
[Site "Europe Echecs INT"]
[Date "2021.01.10"]
[Round "6"]
[White "Arcelin, Gael"]
[Black "Ermeni, Avni"]
[Result "0-1"]
[WhiteElo "1923"]
[BlackElo "2150"]
[PlyCount "128"]
[EventDate "2021.01.10"]
[EventType "swiss (blitz)"]
[EventRounds "11"]
[EventCountry "FRA"]
[SourceTitle "CBM 200 Extra"]
[Source "ChessBase"]
[SourceDate "2021.03.31"]
[SourceVersion "1"]
[SourceVersionDate "2021.03.31"]
[SourceQuality "1"]

1. d4 Nf6 2. c4 c5 3. e3 e6 4. Nf3 b6 5. Nc3 Bb7 6. d5 exd5 7. cxd5 d6 8. Bc4 g6 9. 0-0 Bg7 10. e4 0-0 11. Re1 Re8 12. e5 dxe5 13. Nxe5 Nbd7 14. Nf3 Rxe1+ 15. Qxe1 a6 16. a4 Qc7 17. Bg5 Re8 18. Qb1 Ng4 19. h3 Nge5 20. Nxe5 Nxe5 21. Qf1 h6 22. Bh4 Qc8 23. Rd1 Nxc4 24. Qxc4 Bd4 25. Bg3 Qf5 26. Qd3 Qg5 27. Qd2 Qf6 28. Kf1 Rd8 29. d6 h5 30. h4 Qf5 31. Qd3 Qg4 32. Qc4 Bxc3 33. Qxg4 hxg4 34. bxc3 Bc6 35. Ra1 Rd7 36. c4 f5 37. a5 b5 38. cxb5 Bxb5+ 39. Ke1 Kf7 40. Kd2 Ke6 41. Kc3 Kd5 42. Rd1+ Ke4 43. Re1+ Kd5 44. Re7 Kc6 45. Re8 Bf1 46. Re1 Bxg2 47. Kc4 Bd5+ 48. Kc3 Kb5 49. Ra1 Bc6 50. Kb3 Bd5+ 51. Kc3 Rf7 52. Ra3 f4 53. Bh2 Kc6 54. Ra4 g3 55. fxg3 fxg3 56. Bxg3 Rf3+ 57. Kd2 Rxg3 58. h5 gxh5 59. Rh4 Rg5 60. d7 Kxd7 61. Kc3 Kc6 62. Kb2 Bf7 63. Ka3 Rg3+ 64. Ka4 Rg4+ 0-1

[Event "Cappelle Online Blitz op 1st"]
[Site "Europe Echecs INT"]
[Date "2021.01.10"]
[Round "2"]
[White "Arcelin, Gael"]
[Black "Garayev, Kanan Farzali Oglu"]
[Result "0-1"]
[WhiteElo "1923"]
[BlackElo "2331"]
[PlyCount "105"]
[EventDate "2021.01.10"]
[EventType "swiss (blitz)"]
[EventRounds "11"]
[EventCountry "FRA"]
[SourceTitle "CBM 200 Extra"]
[Source "ChessBase"]
[SourceDate "2021.03.31"]
[SourceVersion "1"]
[SourceVersionDate "2021.03.31"]
[SourceQuality "1"]

1. c4 Nf6 2. Nc3 g6 3. d4 d5 4. Nf3 Bg7 5. Bg5 Ne4 6. Bh4 Nxc3 7. bxc3 c5 8. cxd5 Qxd5 9. e3 Nc6 10. Be2 0-0 11. 0-0 cxd4 12. cxd4 Bf5 13. Nd2 Rac8 14. Bf3 Qd7 15. Qa4 Nxd4 16. Qxd7 Nxf3+ 17. Nxf3 Bxd7 18. Rad1 Ba4 19. Rc1 e6 20. Be7 Rfe8 21. Ba3 a6 22. Rxc8 Rxc8 23. Rc1 Rxc1+ 24. Bxc1 Bf6 25. Kf1 Kf8 26. Ke2 Bb5+ 27. Kd2 Bc4 28. a4 Ke8 29. Ba3 Kd7 30. a5 Kc6 31. Bb4 Kb5 32. Bc3 Bxc3+ 33. Kxc3 Bd5 34. Ne1 Kxa5 35. f3 b5 36. e4 Bc4 37. Nc2 Ka4 38. Nb4 a5 39. Nc6 Bf1 40. g4 b4+ 41. Kb2 Kb5 42. Nd4+ Kc4 43. Nc2 Be2 44. f4 a4 45. f5 a3+ 46. Nxa3+ bxa3+ 47. Kxa3 Bd3 48. fxg6 fxg6 49. Kb2 Bxe4 50. Kc1 Kd3 51. Kd1 Bf3+ 52. Ke1 Bxg4 53. Kf2 0-1